| 000 | 00517nam a2200181Ia 4500 | ||
|---|---|---|---|
| 008 | 151202s9999||||xx |||||||||||||| ||und|| | ||
| 082 | _bPNVM-52850 | ||
| 100 | _aदिघे प्रभाकर. | ||
| 245 | _aअर्क. | ||
| 260 | _b"मुर पब्लिकेशन,पुणे." | ||
| 260 | _c1999 | ||
| 300 | _a116 | ||
| 600 | _aदिघे प्रभाकर. | ||
| 630 | _aअर्क. | ||
| 700 | _aदिघे प्रभाकर. | ||
| 730 | _aअर्क. | ||
| 942 | _cBOOK | ||
| 999 |
_c1319389 _d1319386 |
||